01266nabaa22002057a 4500999001500000003000400015005001700019008004100036040000700077100002800084245012400112300001400236505047300250505008900723650003200812650003000844650004700874773012600921942001301047 c6138d6138OSt20260122230530.0190701b xxu||||| |||| 00| 0 spa d cPJ 96896aBonato, Mauro R. 10aCuestiones de revocación de actos y contratos administrativos por razones de interés público /cMauro R. Bonato.  ap. 68-101 aSumario: I. Introducción.— II. Concepto.— III. Fundamento.— IV. La figura en derecho comparado y en el derecho positivo nacional.— V. El debate sobre la necesidad de ley formal.— VI. Supuestos de procedencia.— VII. Órgano competente para revocar.— VIII. Ámbito de aplicación.— IX. Oportunidad temporal para la revocación.— X. Procedimiento.— XI. Efectos.— XII. Control judicial.— XIII. La indemnización.— XIV. A modo de colofón. t¿Te interesa el texto completo? Comunicate al correo: koha@justierradelfuego.gov.ar 09211aDERECHO ADMINISTRATIVO 091171aACTO ADMINISTRATIVO 096897aREVOCACIÓN DEL ACTO ADMINISTRATIVO0 0284293251dBuenos Aires : AbeledoPerrot, 2012-oDA121tDerecho administrativo. Nº 149 septiembre/octubre 2023z18510590 2udccANA